|
|
|
|
| LEADER |
00000nam0a2200000 4500 |
| 001 |
329399 |
| 005 |
20231102004145.0 |
| 020 |
|
|
|a RU
|b 80-92521
|
| 035 |
|
|
|a (RuTPU)RU\TPU\book\355159
|
| 035 |
|
|
|a RU\TPU\book\355159
|
| 090 |
|
|
|a 329399
|
| 100 |
|
|
|a 19950720d1980 km y0rusy5003 ca
|
| 101 |
0 |
|
|a rus
|
| 102 |
|
|
|a RU
|
| 105 |
|
|
|a a z 001zy
|
| 200 |
1 |
|
|a Каскадные генераторы
|f Б. И. Альбертинский, М. П. Свиньин
|
| 210 |
|
|
|a Москва
|c Атомиздат
|d 1980
|
| 215 |
|
|
|a 197 с.
|c ил.
|d 22 см.
|
| 320 |
|
|
|a Библиогр.: с. 192-195
|
| 606 |
1 |
|
|a Генераторы каскадные
|2 stltpush
|3 (RuTPU)RU\TPU\subj\5709
|9 33717
|
| 610 |
1 |
|
|a схемы
|
| 610 |
1 |
|
|a аварийный режим
|
| 610 |
1 |
|
|a защитное сопротивление
|
| 610 |
1 |
|
|a электростатическое поле
|
| 610 |
1 |
|
|a трансформаторы
|
| 610 |
1 |
|
|a конденсаторные установки
|
| 610 |
1 |
|
|a расчеты
|
| 675 |
|
|
|a 621.313.12
|z rus
|v 3
|
| 700 |
|
1 |
|a Альбертинский
|b Б. И.
|g Борис Иосифович
|4 070
|
| 701 |
|
1 |
|a Свиньин
|b М. П.
|g Михаил Павлович
|4 070
|
| 801 |
|
1 |
|a RU
|b 63413507
|c 20170314
|
| 801 |
|
2 |
|a RU
|b 63413507
|c 20181022
|g RCR
|
| 942 |
|
|
|c BK
|